01506nam0a22002531 4500001001100000005001700011021001900028035002600047100004100073101000800114102000700122105001800129200049800147210003200645215002600677300008900703606008900792606005600881701003100937710022600968801001801194801002201212852001801234rc\474816820260407041747.0 aRUb[63-97205] a(NLR Aleph) 009008714 a20130417d1963 |||y0rusy50 ca0 arus aRU aa z |||||1 aИсследование и совершенствование техники и технологии добычи марганцевых руд Никопольского и Больше-Токмакского районов Приднепровского бассейнаeКраткий науч. отчетfИн-т горного дела им. А.А. Скочинского. Лаборатория разработки месторождений открытым способом aМоскваcБ. и.d1963 a42 с.cчерт.d21 aПеред загл. авт.: канд. техн. наук А.С. Красников aМарганцевые месторожденияyУкраинская ССР2psbo aМарганцевые рудыxДобыча2psbo 1aКрасниковbА.С.02aИнститут горного дела им. А.А.СкочинскогоcМоскваbЛаборатория разработки месторождений открытым способом3RU\NLR\AUTH\8810013921 0aRUbNLRgpsbo 1aRUbELAR2rusmarc aNLRj64-4/633